00688nam a2200217Ia 450000500170000000800410001702000150005802000180007305000230009108200220011410000300013624000380016624500180020425000180022226000360024030000230027650000900029950500080038965000420039770000310043920231102150512.0120603s2009 mx 000 0 spa d a9701068874 a9789701068878 aQA273.25bS64 2009 a519.5bS755e 2009 aSpiegel, Murray R.eautor aTheory and problems of statistics10aEstadística a4a. edición aMéxicob: McGraw-Hillc, 2009 aXXI, 577 páginas aIncluye: respuesta a los problemas suplementarios, apéndices e índice analítico a 10aESTADÍSTICAxPROBLEMAS Y EJERCICIOS aStephens, Larry J.,eautor